000
00316nam a22001457a 4500
003
SGT
020
_a
97893331317445
082
_a
340,NAG
100
_a
NAG CHAUDHURI,B.D.
245
_a
THE GLOBAL ENVIROMENT MOVEMENT
260
_a
NEW DELHI
_b
APH
_c
2013
300
_a
69
650
_a
ENVIROMENT
942
_2
ddc
_c
BK
999
_c
11032
_d
11032